La previdenza complementare tra libert ̉individuale ed interesse collettivo

Detalles Bibliográficos
Autor principal: Giubboni, Stefano
Formato: eBook
Lenguaje:italiano
Publicado: Bari : Cacucci Editore, 2009
Materias:
Acceso en línea:http://www.vlex.com/source/7070

MARC

LEADER 00000nam a22000007a 4500
005 20130301092613.0
007 cr|||| ||||
008 130301e2009 it |||||s|||| 00||0 ita d
020 |a 9788884229021 
035 |a 7070 
040 |a vLex 
090 |c 3798  |d 3798 
100 1 0 |a Giubboni, Stefano 
245 1 3 |a La previdenza complementare tra libert ̉individuale ed interesse collettivo  |h [Recurso electrn̤ico] 
256 |a Servicio en ln̕ea 
260 |a Bari :  |b Cacucci Editore,   |c 2009  
300 |a 1 Recurso electrn̤ico 
650 0 4 |a Derecho laboral y Seguridad Social  |z Italia 
650 0 4 |a Pensiones de jubilacin̤  |z Italia 
740 |a vLex Libros (Servicio en ln̕ea) 
856 |a Acceso restringido  |u http://www.vlex.com/source/7070 
942 |c BOOK 
999 0 |a Labor law and legislation